00665nam a2200169 a 4500008004100000050001900041100001900060245006200079260004400141300001400185350000900199700002100208700001900229995009500248999001700343952013500360120416s1965 ||||||||||||||||| || u aLB 2365.E5 Col aGerber, John C14aThe College teaching of Englishcedited by John C. Gerber aNew YorkbAppleton-Century Croftsc1965 axi, 312p. a0.00 aZimansky, Curt A aFisher, John H D0.00FCBU-MAIN LIBRARY (Kitwe)H1I5.95M1UAVAILABLEZMain Library Open Access Collection c37706d37706 00102lcc4070a001b001cMain Library Open Access Collectiond2022-11-30l0oLB 2365.E5 Colp009139r2022-11-30w2022-11-30y002